The coal fields of Pierce county, (Record no. 25511)

MARC details
000 -LEADER
fixed length control field 00791cam a22002291 4500
001 - CONTROL NUMBER
control field gs 15000380
003 - CONTROL NUMBER IDENTIFIER
control field DLC
005 - DATE AND TIME OF LATEST TRANSACTION
control field 20260227111317.0
008 - FIXED-LENGTH DATA ELEMENTS--GENERAL INFORMATION
fixed length control field 781013s1914 wauab b s000 0 eng
010 ## - LIBRARY OF CONGRESS CONTROL NUMBER
LC control number gs 15000380
035 ## - SYSTEM CONTROL NUMBER
System control number (OCoLC)4292888
040 ## - CATALOGING SOURCE
Original cataloging agency DLC
Transcribing agency UU
Modifying agency OCoLC
-- DLC
050 00 - LIBRARY OF CONGRESS CALL NUMBER
Classification number QE175
Item number .A3 no. 10
051 ## - LIBRARY OF CONGRESS COPY, ISSUE, OFFPRINT STATEMENT
Classification number TN805.W2
Item number D3
Copy information Copy 2.
100 1# - MAIN ENTRY--PERSONAL NAME
Personal name Daniels, Joseph,
Dates associated with a name 1884-1965.
245 14 - TITLE STATEMENT
Title The coal fields of Pierce county,
Statement of responsibility, etc. by Joseph Daniels.
260 ## - PUBLICATION, DISTRIBUTION, ETC.
Place of publication, distribution, etc. Olympia,
Name of publisher, distributor, etc. F. M. Lamborn, public printer,
Date of publication, distribution, etc. 1914.
300 ## - PHYSICAL DESCRIPTION
Extent 146p.
Other physical details illus.,2 fold. maps(in pocket)fold. tables,diagrs.(part fold.)
Dimensions 24 cm.
490 0# - SERIES STATEMENT
Series statement Washington (State) Geological survey. Bulletin
Volume/sequential designation no. 10
504 ## - BIBLIOGRAPHY, ETC. NOTE
Bibliography, etc. note Bibliography: p.[130]-131.
650 #0 - SUBJECT ADDED ENTRY--TOPICAL TERM
Topical term or geographic name entry element Coal
Geographic subdivision Washington (State)
-- Pierce County.

No items available.

Powered by Koha